00383nam a2200169Ia 4500003000400000005001700004008004100021020001800062040000700080041000800087082001700095100002400112245001900136260002800155300001700183365001300200OSt20230403145145.0210423s2010 xx 000 0 und d a9780415487382 cAL aeng a809.935 RUSB aRUSSELL (Bertrand). aWhy men fight. aLondonbRoutledgec2010 axvii,170bPB b225cINR